书目信息 |
| 题名: |
韩国语初级语法精讲与精练
|
|
| 作者: | 都元淑 , (越)严氏秋香著 ;孙艳杰 译 | |
| 分册: | ||
| 出版信息: | 北京 外语教学与研究出版社 2007.10 |
|
| 页数: | 134页 | |
| 开本: | 20cm | |
| 丛书名: | ||
| 单 册: | ||
| 中图分类: | H554 | |
| 科图分类: | ||
| 主题词: | 朝鲜语 | |
| 电子资源: | ||
| ISBN: | 7-5600-6996-7 | |
| 000 | 00768nam0 2200217 450 | |
| 001 | 1436103432 | |
| 005 | 20141106100258.04 | |
| 010 | @a7-5600-6996-7@dCNY12.90 | |
| 100 | @a20141106d2007 km y0chiy0120 ea | |
| 101 | 0 | @achi |
| 102 | @aCN@b110000 | |
| 200 | 1 | @a韩国语初级语法精讲与精练@Ahan guo yu chu ji yu fa jing jiang yu jing lian@f(韩) 都元淑, (越) 严氏秋香著 ; 孙艳杰译@F(han)dou yuan shu,(yue)yan shi qiu xiang zhu;sun yan jie yi |
| 210 | @a北京@c外语教学与研究出版社@d2007.10 | |
| 215 | @a134页@d20cm | |
| 606 | 0 | @a朝鲜语 |
| 690 | @aH554@v4 | |
| 701 | 0 | @a都元淑@Adou yuan shu |
| 701 | 0 | @a(越)严氏秋香著@A(yue)yan shi qiu xiang zhu |
| 702 | 0 | @a孙艳杰@Asun yan jie@4译 |
| 801 | 0 | @aCN@b大连网信软件有限公司图书馆·11@c20141106 |
| 905 | @aZUCC@dH554@eD785 | |
| 韩国语初级语法精讲与精练/(韩) 都元淑, (越) 严氏秋香著 ; 孙艳杰译.-北京:外语教学与研究出版社,2007.10 |
| 134页;20cm |
| ISBN 7-5600-6996-7:CNY12.90 |
| ● |
| 相关链接 |
|
|
|
正题名:韩国语初级语法精讲与精练
索取号:H554/D785
 
预约/预借
| 序号 | 登录号 | 条形码 | 馆藏地/架位号 | 状态 | 备注 |
| 1 | 893382 | 208933822 | 语言库209/209语言库 137排1列4层/ [索取号:H554/D785] | 在馆 | |
| 2 | 893383 | 208933831 | 语言库209/209语言库 137排1列4层/ [索取号:H554/D785] | 在馆 | |
| 3 | 893384 | 208933840 | 语言库209/209语言库 137排1列4层/ [索取号:H554/D785] | 在馆 |